Human ecology: toward a holistic method (Record no. 483906)

000 -LEADER
fixed length control field 00522cam a22001457a 4500
008 - FIXED-LENGTH DATA ELEMENTS--GENERAL INFORMATION
fixed length control field 180718b1967 xxu||||| |||| 00| 0 eng d
082 ## - DEWEY DECIMAL CLASSIFICATION NUMBER
Classification number BA27 R631
100 ## - MAIN ENTRY--PERSONAL NAME
Personal name Rogers, Edward S.
245 ## - TITLE STATEMENT
Title Human ecology: toward a holistic method
Statement of responsibility, etc. by Edward S. Rogers and Harley B. Messinger
260 ## - PUBLICATION, DISTRIBUTION, ETC.
Place of publication, distribution, etc. New York
Name of publisher, distributor, etc. Milbank Memorial Fund
Date of publication, distribution, etc. 1967
300 ## - PHYSICAL DESCRIPTION
Extent p. 25-42
500 ## - GENERAL NOTE
General note Reprinted from the Milbank Memorial Fund Quarterly, vol. XLV. no. 1 part 1 , January 1967
650 ## - SUBJECT ADDED ENTRY--TOPICAL TERM
Topical term or geographic name entry element Human ecology
700 ## - ADDED ENTRY--PERSONAL NAME
Personal name Messinger, Harley B.
Holdings
Withdrawn status Lost status Damaged status Not for loan Permanent Location Current Location Date acquired Full call number Barcode Date last seen Price effective from Koha item type
        Indian Institute of Public Administration Indian Institute of Public Administration 2018-08-04 BA27 R631 GR7782 2018-08-04 2018-08-04 GR

Powered by Koha